Principles of mathematical logic

-д хадгалсан:
Номзүйн дэлгэрэнгүй
Үндсэн зохиолчид: Hilbert, David (Зохиогч), Ackerman, W (Зохиогч)
Формат: Ном
Хэл сонгох:англи
Хэвлэсэн: Nueva York Chelsea 1950
Нөхцлүүд:
Шошгууд: Шошго нэмэх
Шошго байхгүй, Энэхүү баримтыг шошголох эхний хүн болох!

MARC

LEADER 00000nam a2200000 a 4500
001 UCQ7487
003 CL-VaPUC
008 981113e19500000US |||||||||||||||||eng|d
082 0 4 |a 160  |b HIL  |2 21 
100 |a Hilbert, David  |e author  |9 423533 
700 0 |a Ackerman, W  |e author  |9 421291 
245 1 0 |a Principles of mathematical logic 
300 |a 172 p 
942 |c BK 
945 |d 19981113 00:00:00  |a lriquelm 
260 |a Nueva York  |b Chelsea  |c 1950 
650 0 |a Lógica  |9 256849 
650 0 |a Axiología  |9 334895 
650 0 |a Lógica matemática   |9 262442 
650 0 |a Racionalismo  |9 259116 
650 0 |a Razón   |9 314475 
583 |a last modification  |c 19981113 00:00:00  |k Rodrigo Vera 
999 |c 277093  |d 277091